00331pab a2200121 454500008004000000100002000040245006700060260000900127300001300136362001200149650002800161773002000189180718b2003 xxu||||| |||| 00| 0 eng d aKanwal, Gurmeet aIraq imbroglio and its likely fallout in the West Asian region c2003 ap.33-40. aJan-Jun aInternational relations aIndia Quarterly